Marketing v politike. Východisková charakteristika marketingu v politike
Počiatky marketingu v politike. Politický marketing resp. marketing v politike. Definovanie marketingu v politike a jeho špecifiká. Porovnanie cieľov marketingu v ekonomickej sfére a vo sfére politiky.
Gespeichert in:
| 1. Verfasser: | |
|---|---|
| Weitere Verfasser: | |
| Format: | Buchkapitel |
| Sprache: | Slowakisch |
| Schlagworte: | |
| Tags: |
Keine Tags, Fügen Sie das erste Tag hinzu!
|
MARC
| LEADER | 00000naa$a2200000$$$4500 | ||
|---|---|---|---|
| 001 | 0038018 | ||
| 005 | 20240502071458.1 | ||
| 041 | 0 | |a slo | |
| 044 | |a SK | ||
| 245 | 1 | 0 | |a Marketing v politike. Východisková charakteristika marketingu v politike |c Antónia Štensová, Kornélia Richterová |
| 520 | |a Počiatky marketingu v politike. Politický marketing resp. marketing v politike. Definovanie marketingu v politike a jeho špecifiká. Porovnanie cieľov marketingu v ekonomickej sfére a vo sfére politiky. | ||
| 610 | 2 | 0 | |a marketing |
| 610 | 2 | 0 | |a história |
| 610 | 2 | 0 | |a nástroje marketingové |
| 610 | 2 | 0 | |a demokracia |
| 610 | 2 | 0 | |a strany politické |
| 610 | 2 | 0 | |a politika |
| 610 | 2 | 0 | |a pojmy |
| 100 | 1 | |a Štensová, Antónia | |
| 700 | 1 | |a Richterová, Kornélia | |